000 00270nam a22001217a 4500
999 _c10903
_d10903
022 _a9788126563050
100 _aMUELLER,John Paul
245 _aMachine learning in Paython and R
250 _aRep
260 _aNew Delhi
_bWilley
_c2021
300 _a410pg
942 _cBK